000 00564nam a2200229Ia 4500
003 OSt
005 20220924140821.0
006 a|||||r|||| 00| 0
007 ta
008 220923b |||||||| |||| 00| 0 ben d
024 _a296257
037 _cTextual
040 _aARTS
_cARTS
_bben
041 _2ben
_aben
082 _aO157,3NAB1,18, K2
100 _aAbadhut
_9211602
245 0 _aHinglajer pare
260 _c1962
650 _aBENGALI LITERATURE
942 _hO157,3NAB1,18, K2
_cTEXL
_2CC
999 _c445378
_d445378